Serial netflix- teen wolf kto jest kim - Statystyki

Ogólne statystyki
  • Ten quiz został rozwiązany 530 razy
  • Średni wynik to 10 z 15
Statystyki odpowiedzi
Hint Odpowiedź % Poprawnych
Scott McCall Wilkołak
99%
Derek Hale Wilkołak
99%
Peter Hale Wilkołak
99%
Aiden i Ethan Wilkołak
99%
Brett Talbot Wilkołak
99%
Lydia Martin Banshee
82%
Chris Argent Łowca
76%
Kira Yukimura Kitsune
67%
Malia Tate Kojotołak
62%
Jackson Whittemore Kanima
58%
Jordan Parrish Piekielny ogar
53%
Theo Reaken Chimera
39%
Kate Argent Jaguarołak
23%
Mason Hewitt (przez chwile) Bestia z Gevaudan
7%
Stiles Stilinski (przez chwile) Nogitsune (Yako)
2%
Nie znaleziono quizów pasujących do podanych kryteriów
Rozkład punktacji
Procent ludzi z każdym wynikiem
Percentyl według liczby udzielonych odpowiedzi
Twoja historia wyników
Nie rozwiązałeś tego quizu